| 000 | 00450nam a2200181Ia 4500 | ||
|---|---|---|---|
| 001 | 9636 | ||
| 005 | 20260306161733.0 | ||
| 008 | 260306t2004||||xx |||||||||||||| ||spa|| | ||
| 041 | _aESP | ||
| 082 |
_a384.04 _bO65 |
||
| 100 |
_aOSIPTEL _eAUT |
||
| 245 | 0 | _aLa clasificación de los servicios de telecomunicaciones en el Perú | |
| 260 | _c2004 | ||
| 300 |
_a53 páginas : _c20 cm. |
||
| 650 | _aGEN | ||
| 654 | _aCAN | ||
| 942 |
_cLIB _dJUS _fJUS _2ddc _n |
||
| 999 |
_c9636 _d9636 |
||